Szczegóły MARC21

Dürrer September : und acht andere Erzählungen /

003 -Nazwa inst., której nr kontr. jest w polu 001 [,]
    • @
    • Nazwa instytucji, której n kontrolny jest w polu 001
    • NUKAT
005 -DATA I CZAS OSTATNIEJ MODYFIKACJI [,]
    • @
    • pole kontrolne
    • 20241231101858.0
040 -Instytucja sporządzająca opis [ , ]
    • a
    • Instytucja, która sporządziła opis (NP)
    • SZCZ U/KP
    • b
    • Język katalogowania
    • pol
    • e
    • Zasady katalogowania
    • rda
    • c
    • Instytucja, która sporządziła rekord (NP)
    • SZCZ U/KPs
    • d
    • Instytucja, która zmodyfikowała rekord (P)
    • SZCZ U/KP
    • d
    • Instytucja, która zmodyfikowała rekord (P)
    • SZCZ U/JS
041 -Język dokumentu [1, ]
    • a
    • Język tekstu (P)
    • niemiecki
    • h
    • Język tekstu oryginalnego i/lub pośredniego (P)
    • angielski
942 -Rodzaj dokumentu [ , ]
    • c
    • Rodzaj dokumentu
    • Książka
100 -Hasło główne - nazwa osobowa [1, ]
    • a
    • Nazwa osobowa (NP)
    • Faulkner, William
    • d
    • Daty biograficzne (NP)
    • (1897-1962).
    • e
    • Rodzaj współpracy
    • Autor
    • 9
    • KHW
    • 51336
240 -Tytuł ujednolicony [1,0]
    • a
    • Tytuł ujednolicony
    • Dry September
    • l
    • Język tekstu
    • (niem.)
    • 9
    • KHW
    • 529556
245 -Strefa tytułu i oznaczenia odpowiedzialności [1,0]
    • a
    • Tytuł
    • Dürrer September : Find
    • b
    • Ciąg dalszy tytułu (NP)
    • und acht andere Erzählungen / Find
    • c
    • Pozostałe elementy strefy tytułu i oznaczenia odpowiedzialności (NP)
    • William Faulkner ; aus dem amerikanischen von Elisabeth Schnack, Holzschnitte von Werner Hofmann.
250 -Strefa wydania [ , ]
    • a
    • Oznaczenie wydania (NP)
    • Lizenzausgabe, 1.-6. Tausend.
260 -Strefa adresu wydawniczego [ , ]
    • a
    • Miejsce wydania (P)
    • Zürich :
    • b
    • Nazwa wydawcy (P)
    • Diogenes Verlag,
    • c
    • Data wydania (P)
    • 1968.
300 -Strefa opisu fizycznego [ , ]
    • a
    • Określenie formy książki i/lub objętość (NP)
    • 308, [3] strony :
    • b
    • Oznaczenie ilustracji (NP)
    • ilustracje ;
    • c
    • Format (NP)
    • 15 cm.
336 -Typ zawartości [ , ]
    • a
    • Termin opisujący typ zawartości
    • Tekst
    • b
    • Kod określający zawartość
    • txt
    • 2
    • Źródło (terminu i kodu)
    • rdacontent
337 -Typ mediów [ , ]
    • a
    • Tryb odtwarzania
    • Bez urządzenia pośredniczącego
    • b
    • Kod typu mediów
    • n
    • 2
    • Źródło (terminu i kodu)
    • rdamedia
338 -Typ/rodzaj nośnika [ , ]
    • a
    • Hasło opisujące typ nośnika
    • Wolumin
    • b
    • Kod typu nośnika
    • nc
    • 2
    • Źródło (terminu i kodu)
    • rdacarrier
380 -Deskryptor - Forma dzieła (P) [ , ]
    • a
    • forma dzieła (NP)
    • Proza
490 -Strefa serii i książki wielotomowej - forma nie do wyszukiwania [1, ]
    • a
    • Tytuł (P)
    • Diogenes Erzähler Bibliohek Find
830 -Hasło dodatkowe serii i opisu książki wielotomowej - tytuł ujednolicony/tytuł [ ,0]
    • a
    • Tytuł ujednolicony/tytuł (NP)
    • Diogenes Erzähler Bibliohek
    • 9
    • KHW
    • 529555
505 -Uwaga dot. zawartości książki [0, ]
    • a
    • Uwaga dot. zawartości książki
    • Dürrer September ; Brandstifter ; Zwei Soldaten ; Und sollen nicht untergehen ; Eine Rose für Emily ; Eine Gerechtigkeit ; Crevasse ; Es war ein Königin ; Carcassone.
651 -Hasło przedmiotowe w formie nazwy geograficznej [ ,7]
    • a
    • Nazwa geograficzna
    • Stany Zjednoczone Południowe
    • x
    • Określnik rzeczowy
    • obyczaje i zwyczaje
    • v
    • Określnik formalny
    • nowele.
    • 2
    • Źródło terminu
    • kaba
    • 9
    • KHW
    • 529813
655 -Hasło w funkcji tematu formalnego [ ,7]
    • a
    • Hasło
    • Nowele amerykańskie
    • y
    • Określnik chronologiczny
    • 1945-1970
    • v
    • Określnik formy
    • tłumaczenia niemieckie.
    • 2
    • Źródło terminu
    • kaba
    • 9
    • KHW
    • 529812
655 -Hasło w funkcji tematu formalnego [ ,7]
    • a
    • Hasło
    • Nowele amerykańskie
    • y
    • Określnik chronologiczny
    • 1900-1945
    • v
    • Określnik formy
    • tłumaczenia niemieckie.
    • 2
    • Źródło terminu
    • kaba
    • 9
    • KHW
    • 528203
700 -Hasło dodatkowe - nazwa osobowa [1, ]
    • a
    • Nazwa osobowa (NP)
    • Schnack, Elisabeth Find
    • d
    • Daty biograficzne (NP)
    • (1899-1992).
    • e
    • Określenie rodzaju współpracy
    • Tłumaczenie
    • 9
    • KHW
    • 529554
700 -Hasło dodatkowe - nazwa osobowa [1, ]
    • a
    • Nazwa osobowa (NP)
    • Hofmann, Werner Find
    • d
    • Daty biograficzne (NP)
    • (1935-2005).
    • e
    • Określenie rodzaju współpracy
    • Ilustracje
    • 9
    • KHW
    • 529545
700 -Hasło dodatkowe - nazwa osobowa [1,2]
    • a
    • Nazwa osobowa (NP)
    • Faulkner, William Find
    • d
    • Daty biograficzne (NP)
    • (1897-1962).
    • t
    • Tytuł ujednolicony/tytuł (NP)
    • Barn burning Find
    • l
    • Język tekstu (NP)
    • (niem.)
    • 9
    • KHW
    • 529550
700 -Hasło dodatkowe - nazwa osobowa [1,2]
    • a
    • Nazwa osobowa (NP)
    • Faulkner, William Find
    • d
    • Daty biograficzne (NP)
    • (1897-1962).
    • t
    • Tytuł ujednolicony/tytuł (NP)
    • Crevasse Find
    • l
    • Język tekstu (NP)
    • (niem.)
    • 9
    • KHW
    • 529549
700 -Hasło dodatkowe - nazwa osobowa [1,2]
    • a
    • Nazwa osobowa (NP)
    • Faulkner, William Find
    • d
    • Daty biograficzne (NP)
    • (1897-1962).
    • t
    • Tytuł ujednolicony/tytuł (NP)
    • Justice Find
    • l
    • Język tekstu (NP)
    • (niem.)
    • 9
    • KHW
    • 529548
700 -Hasło dodatkowe - nazwa osobowa [1,2]
    • a
    • Nazwa osobowa (NP)
    • Faulkner, William Find
    • d
    • Daty biograficzne (NP)
    • (1897-1962).
    • t
    • Tytuł ujednolicony/tytuł (NP)
    • Rose for Emily Find
    • l
    • Język tekstu (NP)
    • (niem.)
    • 9
    • KHW
    • 529546
700 -Hasło dodatkowe - nazwa osobowa [1,2]
    • a
    • Nazwa osobowa (NP)
    • Faulkner, William Find
    • d
    • Daty biograficzne (NP)
    • (1897-1962).
    • t
    • Tytuł ujednolicony/tytuł (NP)
    • Shall not perish Find
    • l
    • Język tekstu (NP)
    • (niem.)
    • 9
    • KHW
    • 529552
700 -Hasło dodatkowe - nazwa osobowa [1,2]
    • a
    • Nazwa osobowa (NP)
    • Faulkner, William Find
    • d
    • Daty biograficzne (NP)
    • (1897-1962).
    • t
    • Tytuł ujednolicony/tytuł (NP)
    • Two soldiers Find
    • l
    • Język tekstu (NP)
    • (niem.)
    • 9
    • KHW
    • 529547
700 -Hasło dodatkowe - nazwa osobowa [1,2]
    • a
    • Nazwa osobowa (NP)
    • Faulkner, William Find
    • d
    • Daty biograficzne (NP)
    • (1897-1962).
    • t
    • Tytuł ujednolicony/tytuł (NP)
    • There was a queen Find
    • l
    • Język tekstu (NP)
    • (niem.)
    • 9
    • KHW
    • 529551
710 -Hasło dodatkowe - nazwa ciała zbiorowego [2, ]
    • a
    • Nazwa ciała zbiorowego lub nazwa geograficzna jako pierwszy element (NP)
    • Diogenes Verlag.
    • e
    • Rodzaj współpracy
    • Wydawca
    • 4
    • Kod relacji
    • pbl
    • 9
    • KHW
    • 429412
Sygnatura Status udost. Numer inwentarzowy Lokalizacja Data inwentaryzacji
Germ. Literatura amerykańska-3BC.13655BM2020-02-21